000 00422cam a2200181 4500
001 D9547
008 090401t1974 xxu||||| |||| 00| 0 eng d
035 _a(Sirsi) u94967
041 _aeng
050 _a711.4
100 _aCherry, Gordon E (ed)
245 _aUrban planning problems
260 _aLondon
_bLeonard Hill
_c1974
300 _a259p. 8 plates. 24cm
350 _a4.5
942 _n0
948 _c04/03/1997
999 _c98240
_d98240